Up and Down Idioms - Statistics

General Stats
  • This quiz has been taken 51 times
  • The average score is 5 of 13
Answer Stats
Description Idiom % Correct
End a relationship Break Up
87%
To dissapoint someone Let Down
71%
To make happy Brighten Up / Cheer Up
61%
To misbehave Act Up
55%
To cry or become unstable due to stress Break Down
55%
To get a person's attention / A guesture to stop a moving vehicle Flag Down / Wave Down
34%
To become less excited Calm Down
32%
To copy data for security / To support Back Up
29%
To hold in one's emotions Bottle Up / Pen Up
29%
To take a less aggressive position / To surrender Back Down
18%
To end or limit something Clamp Down / Shut Down
18%
To scold Dress Down
18%
To get angry or chaotic quickly Blow Up
5%
No matching quizzes found
Score Distribution
Percent of People with Each Score
Percentile by Number Answered
Your Score History
You have not taken this quiz